Go west, young Ash ; (Record no. 29865)

MARC details
000 -LEADER
fixed length control field 01655cam a2200373 i 4500
001 - CONTROL NUMBER
control field 1303637661
003 - CONTROL NUMBER IDENTIFIER
control field SIRSI
005 - DATE AND TIME OF LATEST TRANSACTION
control field 20240613112742.0
008 - FIXED-LENGTH DATA ELEMENTS--GENERAL INFORMATION
fixed length control field 220315t20212021nyua j 000 1 eng d
020 ## - INTERNATIONAL STANDARD BOOK NUMBER
International Standard Book Number 9781338768084
Qualifying information (paperback)
020 ## - INTERNATIONAL STANDARD BOOK NUMBER
International Standard Book Number 1338768085
Qualifying information (paperback)
040 ## - CATALOGING SOURCE
Original cataloging agency UUC
Language of cataloging eng
Transcribing agency UUC
Modifying agency OCLCO
-- OCLCF
-- XY4
-- OCLCO
-- OCLCL
092 ## - LOCALLY ASSIGNED DEWEY CALL NUMBER (OCLC)
Classification number PBJ
Item number POKEMON
100 1# - MAIN ENTRY--PERSONAL NAME
Personal name West, Tracey,
Dates associated with a name 1965-
Relator term author.
245 10 - TITLE STATEMENT
Title Go west, young Ash ;
Remainder of title Ash Ketchum, Pokemon detective /
Statement of responsibility, etc. adapted by Tracey West.
246 30 - VARYING FORM OF TITLE
Title proper/short title Ash Ketchum, Pokemon detective.
260 ## - PUBLICATION, DISTRIBUTION, ETC. (IMPRINT)
Place of publication, distribution, etc. New York, New York :
Name of publisher, distributor, etc. Scholastic Inc.,
Date of publication, distribution, etc. c2021.
264 #1 - PRODUCTION, PUBLICATION, DISTRIBUTION, MANUFACTURE, AND COPYRIGHT NOTICE
Place of production, publication, distribution, manufacture New York, New York :
Name of producer, publisher, distributor, manufacturer Scholastic Inc.,
Date of production, publication, distribution, manufacture, or copyright notice [2021]
264 #4 - PRODUCTION, PUBLICATION, DISTRIBUTION, MANUFACTURE, AND COPYRIGHT NOTICE
Date of production, publication, distribution, manufacture, or copyright notice c2021.
300 ## - PHYSICAL DESCRIPTION
Extent 85, 83 pages :
Other physical details illustrations ;
Dimensions 20 cm.
336 ## - CONTENT TYPE
Content type term text
Content type code txt
Source rdacontent.
336 ## - CONTENT TYPE
Content type term still image
Content type code sti
Source rdacontent.
337 ## - MEDIA TYPE
Media type term unmediated
Media type code n
Source rdamedia.
338 ## - CARRIER TYPE
Carrier type term volume
Carrier type code nc
Source rdacarrier.
490 0# - SERIES STATEMENT
Series statement Pokemon.
500 ## - GENERAL NOTE
General note Text bound back-to-back and inverted.
520 ## - SUMMARY, ETC.
Summary, etc. Ash, Pikachu, and friends travel through the deep, dark forest on their way to the Wild West, encountering a theft, a rescue, and a mystery to solve along the way.Ash, go! Is a Pokemon lost, missing or acting strange? Ash Ketchum, Pokemon P.I., is on the case. With the help of is friends and trusty sidekick, Pikachu, Ash is solving mysteries involving Pokemon like Hoothoot, Spinarak and Stantler.
650 #0 - SUBJECT ADDED ENTRY--TOPICAL TERM
Topical term or geographic name as entry element Pokemon (Fictitious characters)
Form subdivision Juvenile fiction.
650 #0 - SUBJECT ADDED ENTRY--TOPICAL TERM
Topical term or geographic name as entry element Animals, Mythical
Form subdivision Juvenile fiction.
650 #0 - SUBJECT ADDED ENTRY--TOPICAL TERM
Topical term or geographic name as entry element Friendship
Form subdivision Juvenile fiction.
650 #0 - SUBJECT ADDED ENTRY--TOPICAL TERM
Topical term or geographic name as entry element Upside-down books.
830 #0 - SERIES ADDED ENTRY--UNIFORM TITLE
Uniform title Pokemon.
942 ## - ADDED ENTRY ELEMENTS (KOHA)
Koha item type Libro/Book
Holdings
Withdrawn status Lost status Damaged status Not for loan Home library Current library Shelving location Date acquired Inventory number Total Checkouts Full call number Barcode Date last seen Date checked out Price effective from Koha item type
        San Juan Del Sur -- Biblioteca San Juan Del Sur -- Biblioteca Children's Area 13/06/2024 Inventory date: 15-5-25 1 JFI INGLES 30028954 15/01/2026 23/12/2025 13/06/2024 Libro/Book

Powered by Koha